000 00743nam a22002537a 4500
001 BR7805572
003 BR-BrBNA
005 20230928085715.0
007 ta
008 230509b bl.||||| |||| 00| 0 por d
040 _aBR-BrBNA
_bpor
_cBiblioteca Nacional de Agricultura
041 _a(Por)
072 _aE70; C00
090 _ E70 BR7805572
110 1 _aEmpresa Brasileira de Assistencia Tecnica e Extensao Rural, Brasilia, DF
_93797
245 1 _aManual de informacoes sobre comercializacao para extensionistas
260 3 _aBrasilia, DF (Brasil):
_c[nd].
300 _a10 p.
500 _aPublished 1978?
650 _aCOMERCIALIZACAO
650 _aASSISTENCIA TECNICA
909 _a202309
_bLucia
_c55
_dLucia Elande
942 _cBK
999 _c25891
_d25891